00871cam a22002531 4500001001300000003000400013005001700017008004100034010001700075025001900092035002000111040002300131042001200154050002400166082001700190110003500207245003100242260008500273300005500358500011100413651003600524651004000560999001700600sa 68010064 DLC20260227112549.0860319s1966 ii ab f000 0 eng  asa 68010064  aPL480:I-E-9498 a(OCoLC)13315012 aDLCcCLUdCLUdDLC apremarc00aDS485.M25bA54 1966 a915.4/82/0441 aIndia.bDepartment of Tourism.10aMadras and Andhra Pradesh. a[Delhi,bPublications Division, Ministry of Information and Broadcasting,c1966] a120 p.billus. (part col.) fold. col. map.c19 cm. a"Issued on behalf of Dept. of Tourism, Ministry of Transport & Communications, Govt. of India, New Delhi." 0aTamil Nadu (India)vGuidebooks. 0aAndhra Pradesh (India)vGuidebooks. c83307d83307